书目信息 |
| 题名: |
VisualGen 客户/服务器通信系统
|
|
| 作者: | 刘文智 编 | |
| 分册: | ||
| 出版信息: | 北京 电子工业出版社 1998.01 |
|
| 页数: | 91页 | |
| 开本: | 16开 | |
| 丛书名: | ||
| 单 册: | ||
| 中图分类: | TP368.5 | |
| 科图分类: | ||
| 主题词: | 微型计算机 | |
| 电子资源: | ||
| ISBN: | 7-5053-4503-6 | |
| 000 | 00587nam0 2200193 45 | |
| 001 | 0005250909 | |
| 005 | 20000525091159.4 | |
| 010 | @a7-5053-4503-6@d12.00元 | |
| 100 | @a20000525d1998 km y0chiy0120 ea | |
| 101 | @achi | |
| 105 | @a z 000yy | |
| 200 | 1 | @aVisualGen 客户/服务器通信系统@AVisualGen Ke Hu/Fu Wu Qi Tong Xin Xi Tong@f刘文智,周伟编@FLiu Wen Zhi,Zhou Wei Bian |
| 210 | @a北京@c电子工业出版社@d1998.01 | |
| 215 | @a91页@d16开 | |
| 606 | 0 | @a微型计算机 |
| 690 | @aTP368.5@v3 | |
| 701 | @a刘文智@4编 | |
| 801 | @aCN@bPftUser@c20000525 | |
| 905 | @f3@b56547-549@dTP368.5@eL979 | |
| VisualGen 客户/服务器通信系统/刘文智,周伟编.-北京:电子工业出版社,1998.01 |
| 91页;16开 |
| ISBN 7-5053-4503-6:12.00元 |
| ● |
| 相关链接 |
|
|
|
正题名:VisualGen客户/服务器通信系统
索取号:TP368.5/L979
 
预约/预借
| 序号 | 登录号 | 条形码 | 馆藏地/架位号 | 状态 | 备注 |
| 1 | 56547 | 200565478 | 自科库301/301自科库 59排1列5层/ [索取号:TP368.5/L979] | 在馆 | |
| 2 | 56548 | 200565487 | 期刊室512/301自科库 59排1列5层/ [索取号:TP368.5/L979] | 在馆 | |
| 3 | 56549 | 200565496 | 期刊室512/301自科库 59排1列5层/ [索取号:TP368.5/L979] | 在馆 |